00858nam a2200241 i 4500001000700000003000900007005001700016007000300033008004100036080001900077100003900096245011100135250001200246260003000258300002200288490003100310700003800341700002800379830003900407852003100446999001900477952012000496110578ES-MaACL20230906185107.0t|070201s1952 sp ||||1| spa d a821.111-31"18"1 aHungerford, Margaret Wolfe.96473710a¿Qué oculta Chloe? / cMrs. Hungerford ; versión del inglés por Ganose ; portada de Félix Puente. a1ª ed. aMadrid : bGilsa, c1952. a143 p. ; c15 cm.1 aBiblioteca de Chicas ; v71 aGanose, María del Pilar.9538751 aPuente, Félix.9941400 aBiblioteca de Chicas ; v79233036 aES-MaACLjD-492 bR.138566 c110578d110578 00104070aATENEOMbATENEOMcSVId2008-01-17eSCl0oD-492p901115372r2023-02-23 00:00:00w2023-02-23yMONOGRAFIA